|
|
|
|
| LEADER |
02448nam a2200589 ia4500 |
| 001 |
001534907 |
| 003 |
CZ BrMZK |
| 005 |
20160829092246.0 |
| 007 |
ta |
| 008 |
160713s2013 xxka e p 000 0 eng |
| 020 |
|
|
|a 978-0-19-457949-0
|q (student's book ;
|q brožováno)
|
| 020 |
|
|
|a 978-0-19-457948-3
|q (teacher's resource book ;
|q brožováno)
|
| 020 |
|
|
|a 978-0-19-457956-8
|q (CD)
|
| 040 |
|
|
|a BOA001
|b cze
|e rda
|
| 072 |
|
7 |
|a 811.111
|x Angličtina
|2 Konspekt
|9 11
|
| 072 |
|
7 |
|a 37.016
|x Učební osnovy. Vyučovací předměty. Učebnice
|2 Konspekt
|9 22
|
| 080 |
|
|
|a 811.111
|2 MRF
|
| 080 |
|
|
|a 331.542:378
|2 MRF
|
| 080 |
|
|
|a 62
|2 MRF
|
| 080 |
|
|
|a 81'373.46
|2 MRF
|
| 080 |
|
|
|a (075.8)
|2 MRF
|
| 080 |
|
|
|a (07.063)81
|2 MRF
|
| 080 |
|
|
|a (072)
|2 MRF
|
| 100 |
1 |
|
|a Astley, Peter
|7 utb2016898007
|4 aut
|
| 245 |
1 |
0 |
|a Engineering 1 /
|c Peter Astley and Lewis Lansford
|
| 250 |
|
|
|a First published
|
| 264 |
|
1 |
|a Oxford :
|b Oxford University Press,
|c 2013
|
| 300 |
|
|
|a 3 svazky :
|b barevné ilustrace ;
|c 28 cm
|
| 336 |
|
|
|a text
|b txt
|2 rdacontent
|
| 336 |
|
|
|a mluvené slovo
|b spw
|2 rdacontent
|
| 337 |
|
|
|a bez média
|b n
|2 rdamedia
|
| 337 |
|
|
|a audio
|b s
|2 rdamedia
|
| 338 |
|
|
|a svazek
|b nc
|2 rdacarrier
|
| 338 |
|
|
|a audiodisk
|b sd
|2 rdacarrier
|
| 490 |
1 |
|
|a Oxford English for careers
|
| 505 |
0 |
|
|a student's book. 135 stran -- teacher's resource book. 112 stran + 1 class CD
|
| 650 |
0 |
7 |
|a angličtina
|7 ph114056
|2 czenas
|
| 650 |
0 |
7 |
|a inženýrské profese
|7 ph265687
|2 czenas
|
| 650 |
0 |
7 |
|a technika
|7 ph157258
|2 czenas
|
| 650 |
0 |
7 |
|a oborová terminologie
|7 ph138998
|2 czenas
|
| 653 |
0 |
|
|a jazyková úroveň B1
|
| 655 |
|
7 |
|a učebnice vysokých škol
|7 fd133772
|2 czenas
|
| 655 |
|
7 |
|a jazykové učebnice, texty, příručky (B)
|7 fd600891
|2 czenas
|
| 655 |
|
7 |
|a metodické příručky
|7 fd132826
|2 czenas
|
| 700 |
1 |
|
|a Lansford, Lewis
|7 pna2009525967
|4 aut
|
| 830 |
|
0 |
|a Oxford English for careers
|
| 910 |
|
|
|a BOA001
|b 3-1369.604
|b CDR-1338.762
|
| 990 |
|
|
|a BK
|
| 991 |
|
|
|b 201607
|c NOV
|x 99
|
| 996 |
7 |
|
|b 2610676083
|c 3-1369.604
|d 1,student's book
|v 1
|l Anglická knihovna/2.patro
|r ZHR
|n 18
|p kupz
|h ES-tec
|w 001569749
|u 000010
|a 0
|e BOA001
|j MZK50
|s A
|
| 996 |
7 |
|
|b 2610676084
|c 3-1369.604
|d 2,teacher's resource book
|v 2
|l Anglická knihovna/2.patro
|r ZHR
|n 4
|p kupz
|h ES-tec
|w 001569749
|u 000020
|a 0
|e BOA001
|j MZK50
|s A
|
| 996 |
7 |
|
|b 2610676085
|c CDR-1338.762
|d 3, CD
|v 3
|l Anglická knihovna/2.patro
|r ZHR
|n 12
|p kupz
|h CD-B 111
|w 001569749
|u 000030
|a 0
|e BOA001
|j MZK50
|s A
|